Prochain pays dans l'ordre alphabétique - Statistiques

Statistiques générales
  • Ce quiz a été pris 12 307 fois
  • Le résultat moyen est 7 sur 18
Statistiques - réponses
Pays Suivant % Correct
Irak Iran
97%
Australie Autriche
65%
Fidji Finlande
62%
Liban Libéria
48%
Monaco Mongolie
47%
Chili Chine
45%
Guinée Guinée-Bissau
43%
Haïti Honduras
35%
Royaume-Uni Russie
33%
Estonie Eswatini
29%
Albanie Algérie
27%
Israël Italie
24%
Jordanie Kazakhstan
24%
Portugal Qatar
24%
Norvège Nouvelle-Zélande
17%
Tchad Thaïlande
14%
Croatie Cuba
13%
Botswana Brésil
10%
Aucun quiz correspondant
Distribution des résultats
% des personnes avec chaque résultat
Percentile par nombre de réponses
Votre historique - résultats
Vous n’avez pas pris ce quiz